| 000 | 01026nam a22002771i 4500 | ||
|---|---|---|---|
| 001 | 4073841 | ||
| 003 | EG-ScBUE | ||
| 005 | 20250317095211.0 | ||
| 008 | 700514s1962 nyuaf f 001 0 eng d | ||
| 020 | _a0050017462 | ||
| 040 |
_aEG-ScBUE _beng _erda _cEG-ScBUE _dEG-ScBUE |
||
| 082 | 0 | 4 |
_a530.09 _222 _bGRE |
| 245 | 0 | 0 |
_aGreat experiments in physics / _cedited by Morris H. Shamos, professor of physics, New York University. |
| 264 | 1 |
_aNew york : _bHolt, Rinheart and winston, _c1962. |
|
| 300 |
_aviii, 370 pages : _billustrations, plates ; _c20 cm |
||
| 336 |
_2rdacontent _atext _btxt |
||
| 337 |
_aunmediated _2rdamedia _bn |
||
| 338 |
_avolume _bnc _2rdacarrier |
||
| 500 | _aIncludes index. | ||
| 500 | _a(The original accounts of 25 experiments that created modern physics... annotated by the editor) -- Cover. | ||
| 650 | 7 |
_aPhysics _xExperiments. _96777 _2BUEsh |
|
| 650 | 7 |
_aPhysics _xHistory. _2BUEsh |
|
| 655 | _vReading book | ||
| 700 | 1 |
_aShamos, Morris H. _q(Morris Herbert), _d1917- _eeditor. |
|
| 942 |
_2ddc _cBB |
||
| 999 |
_c11990 _d11990 |
||